Statistics for 12 months in 15 seconds yellow box

Click here to take the quiz!

General Stats

  • This quiz has been taken 74 times
  • The average score is 9 of 12

Answer Stats

Answer% Correct
January
96%
March
96%
April
92%
May
92%
February
88%
June
88%
July
83%
August
75%
September
71%
October
67%
November
54%
December
42%

Score Distribution

Percentile by Number Answered

Percent of People with Each Score

Your Score History

You have not taken this quiz